000 00420nam a2200157Ia 4500
008 210719s1992 xx 000 0 und d
020 _a0379734163
041 _aeng
082 _a620.04 PETT
100 _aPETROSKI (Henry)
245 _aTo engineer is human the role of failure in successful design.
260 _aNew York.
_bVintage Books.,
_c1992
300 _aix,249
_bPB
365 _cRs
650 _aEngineering
999 _c213591
_d213591